[Event "Challenge"]
[Site "http://www.queenalice.com/game.php?id=116633"]
[Date "2006.10.13"]
[Round "-"]
[White "Renatobico"]
[Black "valdiluis"]
[Result "1-0"]
[WhiteElo "1884"]
[BlackElo "1920"]

1. e4 e5 2. Nf3 Nf6 3. Nc3 Bc5 4. Nxe5 d5 5. d4 Bb6 6. Nxd5 Nxd5 7. exd5 O-O 8.
Bc4 c6 9. dxc6 Nxc6 10. Nxc6 bxc6 11. Be3 Re8 12. O-O Qh4 13. Qf3 Be6 14. Bxe6
fxe6 15. c3 Rac8 16. Bf4 Rf8 17. Bg3 Qe7 18. Qh5 Rf5 19. Bh4 Qf8 20. Qe2 e5 21.
dxe5 h5 22. Rad1 g5 23. g4 Rf4 24. Bg3 Rxg4 25. Qd3 h4 26. Qg6+ Qg7 27. Qe6+ Kh7
28. Qxg4 Rc7 29. Rd8 hxg3 30. Qh5+ Qh6 31. Rh8+ Kxh8 32. Qxh6+ Rh7 33. Qf8# 1-0

[Event "AUTO-ADV-275"]
[Site "http://www.queenalice.com/game.php?id=117601"]
[Date "2006.10.16"]
[Round "1"]
[White "Renatobico"]
[Black "joaofernandesneto"]
[Result "0-1"]
[WhiteElo "1885"]
[BlackElo "1856"]

1. c4 b6 2. Nc3 Bb7 3. Nf3 Nf6 4. d4 e6 5. e3 a6 6. Bd3 Bb4 7. O-O Nc6 8. b3
Bxc3 9. Rb1 Bb4 10. e4 Na7 11. a3 Be7 12. e5 Ng8 13. b4 d6 14. a4 dxe5 15. dxe5
Nc6 16. Be4 Rb8 17. b5 axb5 18. axb5 Na5 19. Bxb7 Rxb7 20. Qe2 Bc5 21. Rd1 Qc8
22. Nd4 Ne7 23. Rd2 Bxd4 24. Rxd4 Nf5 25. Rd3 Nxc4 0-1

[Event "AUTO-ADV-275"]
[Site "http://www.queenalice.com/game.php?id=117602"]
[Date "2006.10.16"]
[Round "1"]
[White "joaofernandesneto"]
[Black "Renatobico"]
[Result "0-1"]
[WhiteElo "1778"]
[BlackElo "1930"]

1. d4 Nf6 2. c4 e5 3. dxe5 Ng4 4. Bf4 g5 5. Bg3 Nc6 6. Nf3 Bg7 7. Qc1 h6 8. Qc3
d6 9. Qc2 dxe5 10. h3 Nf6 11. Nxe5 Nd4 12. Qd2 Ne4 13. Nxf7 Kxf7 14. Qd1 Bf5 15.
Na3 Bf8 16. e3 Bb4+ 0-1

[Event "AUTO-ADV-275"]
[Site "http://www.queenalice.com/game.php?id=117603"]
[Date "2006.10.16"]
[Round "1"]
[White "Renatobico"]
[Black "plug"]
[Result "1-0"]
[WhiteElo "1862"]
[BlackElo "1749"]

1. e4 e5 2. Nf3 Nc6 3. Bc4 Bc5 4. b4 Bxb4 5. c3 Be7 6. d4 Na5 7. Nxe5 d6 8. Nxf7
Qd7 9. Qh5 Nf6 10. Nxd6+ Kd8 11. Nf7+ Ke8 12. Qxa5 b6 13. Qe5 Kf8 14. Nxh8 Bd6
15. Qg5 Nxe4 16. Qd5 Qf5 17. Qg8+ Ke7 18. Qxg7+ Kd8 19. Nf7+ Ke8 20. Nxd6+ Nxd6
21. Qg8+ Qf8 22. Qxf8+ Kxf8 23. Bh6+ Ke7 24. Nd2 Bb7 25. O-O Nxc4 26. Nxc4 Rg8
27. Rfe1+ Kd8 28. f3 Bxf3 29. Ne3 Bb7 30. Rf1 Rg6 31. Bf4 Kd7 32. Bg3 Ke8 33.
Rae1 Rg7 34. Nf5+ 1-0

[Event "AUTO-ADV-275"]
[Site "http://www.queenalice.com/game.php?id=117604"]
[Date "2006.10.16"]
[Round "1"]
[White "plug"]
[Black "Renatobico"]
[Result "1/2-1/2"]
[WhiteElo "1716"]
[BlackElo "1868"]

1. e4 c5 2. Nf3 d6 3. d4 cxd4 4. Nxd4 Nf6 5. Nc3 a6 6. Be3 e5 7. Nb3 Be6 8. Nd5
Nbd7 9. Bg5 Bxd5 10. exd5 Be7 11. Be2 O-O 12. O-O Nb6 13. c4 Nbxd5 14. cxd5 Nxd5
15. Qxd5 Bxg5 16. Qxb7 Qc8 17. Qd5 Qc2 18. Bh5 Qc7 19. Bxf7+ Qxf7 20. Qxd6 Bf6
21. Qd2 Rfd8 22. Qe2 Qe7 23. Nd2 Rd6 24. Ne4 Rd4 25. f3 a5 26. Rac1 Rad8 27. b3
Qa7 1/2-1/2

[Event "AUTO-MASTER-219"]
[Site "http://www.queenalice.com/game.php?id=117992"]
[Date "2006.10.17"]
[Round "1"]
[White "CarlosCapaDuarte"]
[Black "Renatobico"]
[Result "1-0"]
[WhiteElo "2071"]
[BlackElo "1919"]

1. d4 Nf6 2. c4 e5 3. dxe5 Ng4 4. Nf3 Nc6 5. Bf4 Bb4+ 6. Nbd2 Qe7 7. e3 O-O 8.
Be2 Ncxe5 9. O-O d6 10. h3 Nxf3+ 11. Nxf3 Ne5 12. a3 Bc5 13. Bxe5 dxe5 14. b4 e4
15. bxc5 exf3 16. Bxf3 1-0

[Event "AUTO-MASTER-219"]
[Site "http://www.queenalice.com/game.php?id=117993"]
[Date "2006.10.17"]
[Round "1"]
[White "Renatobico"]
[Black "CarlosCapaDuarte"]
[Result "0-1"]
[WhiteElo "1947"]
[BlackElo "2060"]

1. e4 c6 2. d4 d5 3. e5 Bf5 4. h4 h5 5. c4 e6 6. Nc3 Ne7 7. Be2 dxc4 8. Bxc4 Nd7
9. Nf3 Nb6 10. Bd3 Bxd3 11. Qxd3 Nf5 12. Bg5 Be7 13. O-O-O Nd5 0-1

[Event "AUTO-MASTER-219"]
[Site "http://www.queenalice.com/game.php?id=118004"]
[Date "2006.10.17"]
[Round "1"]
[White "smurilo"]
[Black "Renatobico"]
[Result "1-0"]
[WhiteElo "2176"]
[BlackElo "1934"]

1. c4 Nf6 2. Nc3 e5 3. Nf3 Nc6 4. g3 g6 5. Bg2 Bc5 6. O-O d6 7. d3 Be6 8. Na4
O-O 9. Bg5 Bb6 10. Nd2 Bf5 11. g4 Bxg4 12. Nxb6 axb6 13. Ne4 Qc8 14. Nxf6+ Kg7
15. Qd2 Nd4 16. f3 Bf5 17. Nd5 Re8 18. Bf6+ Kg8 19. Qh6 Ne6 20. e4 Bxe4 21. fxe4
Ra5 22. Rf3 Qa8 23. Rh3 1-0

[Event "AUTO-MASTER-219"]
[Site "http://www.queenalice.com/game.php?id=118005"]
[Date "2006.10.17"]
[Round "1"]
[White "Renatobico"]
[Black "smurilo"]
[Result "0-1"]
[WhiteElo "1943"]
[BlackElo "2171"]

1. e4 d6 2. d4 Nf6 3. Nc3 g6 4. Nf3 Bg7 5. Be2 O-O 6. O-O Bg4 7. h3 Bxf3 8. Bxf3
Nc6 9. Ne2 e5 10. c3 Re8 11. Bg5 h6 12. Bxf6 Qxf6 13. Qb3 exd4 14. Qxb7 Ne5 15.
Nxd4 c5 16. Nc6 Nxf3+ 17. gxf3 Qxf3 18. e5 Qxh3 19. exd6 Qg4+ 20. Kh1 Re4 21.
Qxa8+ Kh7 22. Ne5 Bxe5 23. f4 Re2 0-1

[Event "AUTO-MASTER-219"]
[Site "http://www.queenalice.com/game.php?id=118012"]
[Date "2006.10.17"]
[Round "1"]
[White "Renatobico"]
[Black "mandaragit"]
[Result "0-1"]
[WhiteElo "1875"]
[BlackElo "1995"]

1. e4 e6 2. d4 d5 3. Nc3 Nf6 4. Bg5 Bb4 5. e5 h6 6. Bd2 Bxc3 7. bxc3 Ne4 8. Qg4
Kf8 9. Nf3 c5 10. Bd3 Nxd2 11. Kxd2 c4 12. Be2 Nc6 13. Qf4 Bd7 14. h4 b5 15. g4
a5 16. g5 b4 17. h5 hxg5 18. Nxg5 Qe7 19. Rag1 bxc3+ 20. Ke3 Ke8 21. h6 gxh6 22.
Nh7 Kd8 23. Rxh6 Kc7 24. Nf6 Rxh6 25. Qxh6 Nb4 26. Nxd7 Nxc2+ 27. Kf4 Kxd7 28.
Rd1 Nb4 29. a3 c2 30. Rb1 cxb1=Q 0-1

[Event "AUTO-MASTER-219"]
[Site "http://www.queenalice.com/game.php?id=118013"]
[Date "2006.10.17"]
[Round "1"]
[White "mandaragit"]
[Black "Renatobico"]
[Result "1-0"]
[WhiteElo "1974"]
[BlackElo "1882"]

1. d4 Nf6 2. c4 g6 3. Nc3 Bg7 4. e4 d6 5. Nf3 O-O 6. Be2 e5 7. O-O exd4 8. Nxd4
Re8 9. f3 c6 10. Kh1 Nbd7 11. Bg5 h6 12. Bf4 Ne5 13. Qd2 g5 14. Be3 a6 15. Rfd1
Bf8 16. Bf1 Be6 17. b3 Re7 18. a4 Rd7 19. a5 d5 20. cxd5 cxd5 21. Nxe6 fxe6 22.
exd5 Nxd5 23. Nxd5 Rxd5 24. Qc2 Rc8 25. Rxd5 exd5 26. Qf5 Qe8 27. Bd4 Ng6 28.
Bd3 1-0

[Event "Challenge"]
[Site "http://www.queenalice.com/game.php?id=128466"]
[Date "2006.11.12"]
[Round "-"]
[White "azerty"]
[Black "Renatobico"]
[Result "0-1"]
[WhiteElo "1740"]
[BlackElo "1890"]

1. e4 c5 2. d4 cxd4 3. c3 dxc3 4. Nxc3 Nc6 5. Bc4 e6 6. f4 a6 7. Nf3 Bc5 8. Qe2
b5 9. Bb3 Bb7 10. Be3 Qb6 11. Bxc5 Qxc5 12. Rc1 b4 0-1